000 00272nam a2200109Ia 4500
008 220204s9999 xx 000 0 und d
082 _a954
_bRAW
100 _aRawson, Philip
245 0 _aMaking of the past: Indian Asia
260 _aLausanne
_bElsevier
_c1977
942 _cBK
999 _c33123
_d33123